000 00531nam a2200205Ia 4500
005 20230330084721.0
008 131103s9999 xx 000 0 und d
020 _a8190282301
040 _aLoreto College
041 _aEnglish
082 _a891.448
_bBIS
100 _aBiswas, Adhir
245 _aAmar to ekhon Indiay
_cAdhir Biswas; illustrated by Debabrata Ghosh
260 _aCalcutta
_bGangchil
_c2005
300 _a51p
650 _aBengali Literature
651 _aBengali Fiction
850 _aLCLIB
942 _cBK
999 _c16633
_d67112